zpět

Detail výsledku týmu

S-bar PO, Kroměříž

Datum a čas kvízu

28 Celkem bodů Celkový počet nahraných bodů na tomto kvízu bez doplňovacích otázek.
1. Pořadí na kvízu Konečné umístění týmu na tomto kvízu.

Zaznamenané odpovědi

# Otázka Odpověď Body Výsledky
1. Když Miloš Zeman volil, pokusi... 0.5
2. Chuť na víno dodala odvahy jis... 0
3. Tento britský herec, který v z... 1
4. V britském hrabství Worcesters... 1
5. Bývalá světová tenisová jednič... 1
6. Pro mimobrněnské soutěžící upř... 1
7. Bývalé pražské nakladatelství... 0
8. Na jméno české metalové skupin... 1
9. Plod listnatého stromu z čeled... 1
10. Ze šalinkarty vyberete i příjm... 0